000 00296nam a22001337a 4500
008 170817b xxu||||| |||| 00| 0 eng d
020 _a39435429-X
041 _aeng
080 _a51
100 _a36
101 _aMATH
245 _aBRIDGE TO ABSTRACT MATHEMATICS
_cKNOPF,A.A
942 _2udc
_cBK
999 _c24031
_d24031